| 000 | 00395nam a2200145 i 4500 | ||
|---|---|---|---|
| 001 | 99022 | ||
| 003 | ES-MaACL | ||
| 005 | 20230906182425.0 | ||
| 007 | t| | ||
| 008 | 051108s1925 sz ||||1| fre d | ||
| 245 | 0 | 0 | _aEcole Internationale. Genève. Suisse. |
| 260 |
_a[S.l. : _bs.n., _c1925 ?] ( _eGenève : _fAtar) |
||
| 300 |
_a23 p. : _bil. ; _c24 cm. |
||
| 852 |
_aES-MaACL _j1599-F-16 _bR.5481 |
||
| 999 |
_c99022 _d99022 |
||